Statistiques concernant Disney paroles - Je voudrais (Raiponce)

Cliquez ici pour prendre le quiz!

Statistiques générales

  • Ce quiz a été pris 164 fois
    (155 depuis la dernière actualisation)
  • Le résultat moyen est 142 sur 199

Statistiques - réponses

HintRéponse% Correct
Je
95%
de
87%
voudrais
87%
a
86%
La
86%
la
86%
Il
84%
il
84%
un
82%
Un
82%
Elle
81%
ma
81%
et
80%
Et
80%
dans
79%
lumière
79%
mon
79%
en
78%
J'ai
78%
j'ai
78%
veux
78%
chance
76%
tenter
76%
vous
76%
dit
75%
est
75%
vers
75%
Aller
74%
lui
74%
Lui
74%
une
74%
changer
73%
d'air
73%
danse
73%
que
73%
arrivé
72%
cherche
72%
enfance
72%
le
72%
personne
72%
sa
72%
besoin
71%
entrer
71%
au
70%
bonnes
70%
ParolesC'est
70%
demander
70%
fille
70%
homme
70%
propre
70%
quand
70%
invention
69%
pleine
69%
n'attendait
68%
ose
68%
qu'est-ce
67%
cherchez
66%
fin
66%
mystère
65%
des
64%
Mettre
64%
Ne
61%
ne
61%
60%
toujours
58%
du
57%
jour
56%
les
56%
l'illusion
56%
vécu
56%
croit
55%
destin
55%
chemin
54%
conclusions
54%
l'autre
53%
l'on
53%
montre
53%
tirer
53%
ami
52%
heureux
52%
On
51%
libre
50%
Même
50%
sérieux
50%
toi
50%
devant
49%
prend
49%
plus
48%
promesses
48%
Avance
47%
peut
47%
sourit
47%
attentions
46%
être
46%
ta
46%
Laissez-moi
39%
voie
37%
Oh
28%

Distribution des résultats

Percentile par nombre de réponses

% des personnes avec chaque résultat

Votre développement - résultats

Vous n’avez pas pris ce quiz depuis la dernière actualisation